[Event "Pinamar ITT Lettieri"]
[Site "Pinamar"]
[Date "2005.03.12"]
[Round "5"]
[White "Rubinetti, Jorge Alberto"]
[Black "Molina, Jorge"]
[Result "1-0"]
[WhiteElo "2393"]
[BlackElo "2234"]
[PlyCount "141"]
[EventDate "2005.03.08"]
[EventType "tourn"]
[EventRounds "11"]
[EventCountry "ARG"]
[EventCategory "3"]
[SourceTitle "CBM 105 Extra"]
[Source "ChessBase"]
[SourceDate "2005.05.01"]
[SourceVersion "1"]
[SourceVersionDate "2005.05.01"]
[SourceQuality "1"]

1. e4 c6 2. d3 d5 3. Nd2 e5 4. Ngf3 Bd6 5. g3 Nf6 6. Bg2 0-0 7. 0-0 Bg4 8. h3 Bxf3 9. Qxf3 Nbd7 10. c3 a5 11. Re1 Nc5 12. Nf1 dxe4 13. dxe4 Be7 14. Bg5 Qc7 15. Rad1 Rfd8 16. Qe2 Rxd1 17. Rxd1 Rd8 18. Rd2 h6 19. Bxf6 Bxf6 20. h4 Rxd2 21. Nxd2 b5 22. Bf1 Be7 23. Nf3 Qd6 24. Qc2 a4 25. b4 axb3 26. axb3 Bd8 27. b4 Ne6 28. Bh3 Bb6 29. Qd2 Qxd2 30. Nxd2 Nd8 31. Nf3 Bc7 32. h5 Bd6 33. Kf1 f6 34. Bd7 Kf8 35. Nh4 Ke7 36. Bc8 Kf7 37. Nf5 Bf8 38. Bd7 g6 39. hxg6+ Kxg6 40. Be8+ Kg5 41. Ke2 h5 42. Bd7 Kg6 43. Be8+ Kg5 44. Kf1 Kg4 45. Kg2 Kg5 46. f3 c5 47. bxc5 Bxc5 48. Bxb5 Nb7 49. Ng7 Be3 50. Be8 Nd6 51. Ne6+ Kh6 52. Bd7 Bd2 53. Nc7 Bxc3 54. Nd5 Ba1 55. Nxf6 Kg5 56. Nd5 Bb2 57. Kh3 Bc1 58. Ba4 Nc4 59. Nb4 Bb2 60. Nd3 Bd4 61. Bc2 Kh6 62. Nb4 Kg5 63. Nc6 Bb2 64. Bb3 Nd2 65. Bd1 Nc4 66. Be2 Nd6 67. Nb4 Bc3 68. Nd5 Bd2 69. Bd3 Ne8 70. Nb6 Nd6 71. Nd7 1-0

[Event "Pinamar ITT Lettieri"]
[Site "Pinamar"]
[Date "2005.03.08"]
[Round "1"]
[White "Cubas, Jose Fernando"]
[Black "Rubinetti, Jorge Alberto"]
[Result "1/2-1/2"]
[WhiteElo "2401"]
[BlackElo "2393"]
[PlyCount "98"]
[EventDate "2005.03.08"]
[EventType "tourn"]
[EventRounds "11"]
[EventCountry "ARG"]
[EventCategory "3"]
[SourceTitle "CBM 105 Extra"]
[Source "ChessBase"]
[SourceDate "2005.05.01"]
[SourceVersion "1"]
[SourceVersionDate "2005.05.01"]
[SourceQuality "1"]

1. e4 e5 2. Ne2 Nf6 3. f4 Nxe4 4. d3 Nc5 5. fxe5 d6 6. d4 Ne6 7. d5 Nc5 8. Bf4 Nbd7 9. exd6 Bxd6 10. Bxd6 cxd6 11. Nbc3 0-0 12. Qd4 Ne5 13. 0-0-0 a6 14. Ng3 f5 15. Nh5 Qg5+ 16. Nf4 Ne4 17. g3 Nxc3 18. Qxc3 Ng6 19. Qd2 Nxf4 20. gxf4 Qf6 21. Bg2 Bd7 22. Qb4 b5 23. Rhe1 a5 24. Qd4 Qxd4 25. Rxd4 Rfe8 26. Rxe8+ Rxe8 27. Kd2 Kf7 28. c4 Rc8 29. cxb5 Bxb5 30. b3 Kf6 31. a4 Bd7 32. Bf1 h6 33. b4 axb4 34. Rxb4 Rc5 35. Bc4 g5 36. Ke3 Be8 37. fxg5+ hxg5 38. Kd4 f4 39. Rb6 Ke7 40. Rb7+ Kf6 41. Rh7 Bxa4 42. Rh6+ Ke7 43. Re6+ Kd7 44. Rg6 Bd1 45. Rxg5 f3 46. Bf1 Ke7 47. h4 Bb3 48. Rf5 Rxd5+ 49. Rxd5 Bxd5 1/2-1/2

[Event "ARG-ch 79th"]
[Site "Buenos Aires"]
[Date "2004.10.01"]
[Round "9"]
[White "Daneri, Martin"]
[Black "Rubinetti, Jorge Alberto"]
[Result "1-0"]
[WhiteElo "2196"]
[BlackElo "2439"]
[PlyCount "93"]
[EventDate "2004.09.24"]
[EventType "swiss"]
[EventRounds "9"]
[EventCountry "ARG"]
[SourceTitle "CBM 102 Extra"]
[Source "ChessBase"]
[SourceDate "2004.11.03"]
[SourceVersion "1"]
[SourceVersionDate "2004.11.03"]
[SourceQuality "1"]

1. d4 Nf6 2. Nf3 e6 3. Bf4 c5 4. e3 b6 5. Nbd2 Bb7 6. Bd3 Be7 7. c3 d6 8. Qe2 cxd4 9. exd4 Nbd7 10. a4 a6 11. h3 Qc7 12. 0-0 0-0 13. Rfe1 Rfe8 14. g4 Nf8 15. Kh2 Ng6 16. Bg3 Nd5 17. Qf1 Ndf4 18. Be4 Bxe4 19. Rxe4 d5 20. Re3 Bd6 21. h4 h5 22. g5 f6 23. Rae1 Qc6 24. Ra1 b5 25. axb5 axb5 26. Ree1 Kf7 27. Kh1 Rec8 28. Rec1 e5 29. gxf6 gxf6 30. dxe5 fxe5 31. Ng5+ Kg8 32. Qd1 Be7 33. Ndf3 Bxg5 34. Nxg5 Qc4 35. Rxa8 Rxa8 36. Ra1 Qc6 37. Rxa8+ Qxa8 38. Qb1 d4+ 39. f3 d3 40. Ne4 Qc8 41. Bxf4 Qh3+ 42. Kg1 Nxh4 43. Qa2+ Kg7 44. Bxe5+ Kh6 45. Bf4+ Kg7 46. Qa7+ Kg6 47. Qb6+ 1-0

[Event "ARG-ch 79th"]
[Site "Buenos Aires"]
[Date "2004.09.28"]
[Round "6"]
[White "Rubinetti, Jorge Alberto"]
[Black "Tristan, Leonardo"]
[Result "0-1"]
[WhiteElo "2439"]
[BlackElo "2185"]
[PlyCount "138"]
[EventDate "2004.09.24"]
[EventType "swiss"]
[EventRounds "9"]
[EventCountry "ARG"]
[SourceTitle "CBM 102 Extra"]
[Source "ChessBase"]
[SourceDate "2004.11.03"]
[SourceVersion "1"]
[SourceVersionDate "2004.11.03"]
[SourceQuality "1"]

1. Nf3 c5 2. c4 Nf6 3. Nc3 Nc6 4. d4 cxd4 5. Nxd4 g6 6. e4 d6 7. Be2 Bg7 8. Be3 0-0 9. 0-0 Bd7 10. Rc1 a6 11. Nb3 Na5 12. f3 Rb8 13. Nxa5 Qxa5 14. c5 Rfd8 15. cxd6 Be6 16. Qa4 Qxa4 17. Nxa4 exd6 18. Bb6 Rd7 19. b3 Ne8 20. Rfd1 Bf8 21. Bc4 Nf6 22. Ba7 Rbd8 23. Bd4 Ne8 24. Nb6 Rc7 25. Nd5 Rc6 26. a4 Rdc8 27. Nb4 R6c7 28. Bb6 Bxc4 29. Bxc7 Bxb3 30. Bb6 Rb8 31. Rd3 Bxa4 32. Rdc3 Bd7 33. Nd5 Bg7 34. Rc4 Ra8 35. R1c2 a5 36. Ra2 a4 37. Rb4 Ra6 38. Bd4 b5 39. Bxg7 Kxg7 40. Ra3 Bc6 41. Nc3 Nc7 42. Rb2 Ne6 43. Na2 Bd7 44. Nb4 Rb6 45. Kf2 Nc5 46. Ke3 Be6 47. h4 Rb7 48. Rd2 Rb6 49. g4 Nb3 50. Rd1 Rb7 51. Nd5 Na5 52. Raa1 a3 53. g5 b4 54. Kd3 Bxd5 55. exd5 Rb5 56. Ke4 Nc4 57. f4 b3 58. Kd4 b2 59. Kxc4 bxa1Q 60. Rxa1 Ra5 61. Ra2 Kf8 62. h5 gxh5 63. f5 Ke7 64. f6+ Kd7 65. Kd4 Kc7 66. Kc4 Kb6 67. Kb3 h4 68. Kb4 h3 69. Rc2 a2 0-1

[Event "Mar del Plata op"]
[Site "Mar del Plata"]
[Date "2004.04.09"]
[Round "8"]
[White "Rubinetti, Jorge Alberto"]
[Black "Loiterstein, Mariano"]
[Result "1/2-1/2"]
[WhiteElo "2438"]
[BlackElo "2240"]
[PlyCount "127"]
[EventDate "2004.04.02"]
[EventType "swiss"]
[EventRounds "9"]
[EventCountry "ARG"]
[SourceTitle "CBM 099 Extra"]
[Source "ChessBase"]
[SourceDate "2004.05.04"]
[SourceVersion "1"]
[SourceVersionDate "2004.05.04"]
[SourceQuality "1"]

1. d4 d5 2. c4 Bf5 3. cxd5 Bxb1 4. Qa4+ c6 5. Rxb1 Qxd5 6. e3 Nd7 7. Qc4 e6 8. Bd2 Qxc4 9. Bxc4 Ngf6 10. f3 c5 11. Ne2 cxd4 12. Nxd4 Bc5 13. Ke2 0-0 14. Nc2 Rac8 15. Rbc1 Bb6 16. Nb4 Ne5 17. Bb3 Nfd7 18. f4 Ng6 19. Nd3 Nf6 20. Rxc8 Rxc8 21. Rc1 Rxc1 22. Bxc1 Ne4 23. g3 Kf8 24. Kf3 Nc5 25. Bc4 Ne7 26. Bd2 Nxd3 27. Bxd3 Bc5 28. a3 h6 29. g4 Ke8 30. Bc3 f6 31. h4 Nd5 32. Bd2 Ke7 33. h5 Bb6 34. e4 Nc7 35. Bb4+ Kf7 36. Bc3 Bc5 37. Bc4 Bd6 38. Bd4 b6 39. b4 Ke8 40. g5 Be7 41. gxh6 gxh6 42. Kg4 Kf8 43. f5 e5 44. Be3 Kg7 45. Kf3 Ne8 46. Ke2 Nd6 47. Kd3 Bd8 48. a4 Bc7 49. Bd5 a5 50. bxa5 bxa5 51. Bc5 Kh7 52. Bc6 Kg7 53. Kc3 Kf7 54. Kc2 Kg7 55. Kd3 Kf7 56. Be3 Kg7 57. Kc3 Kh7 58. Bc1 Kg7 59. Bd2 Kh7 60. Be3 Kg7 61. Bc5 Kf7 62. Kd3 Kg7 63. Bd5 Kh7 64. Bc6 1/2-1/2

[Event "Mar del Plata op"]
[Site "Mar del Plata"]
[Date "2004.04.07"]
[Round "6"]
[White "Rubinetti, Jorge Alberto"]
[Black "Bianchi, Albino Angel"]
[Result "1/2-1/2"]
[WhiteElo "2438"]
[BlackElo "2187"]
[PlyCount "88"]
[EventDate "2004.04.02"]
[EventType "swiss"]
[EventRounds "9"]
[EventCountry "ARG"]
[SourceTitle "CBM 099 Extra"]
[Source "ChessBase"]
[SourceDate "2004.05.04"]
[SourceVersion "1"]
[SourceVersionDate "2004.05.04"]
[SourceQuality "1"]

1. e4 c5 2. Nc3 Nc6 3. g3 g6 4. Bg2 Bg7 5. d3 e6 6. Be3 d6 7. f4 Nge7 8. Nf3 Nd4 9. 0-0 0-0 10. Bf2 Nxf3+ 11. Bxf3 b6 12. Rb1 e5 13. f5 gxf5 14. exf5 Bxf5 15. g4 Be6 16. Bh4 Rc8 17. Nd5 f6 18. c4 Ng6 19. Bg3 f5 20. gxf5 Rxf5 21. Qe2 Qd7 22. Be4 Rxf1+ 23. Rxf1 Rf8 24. Rxf8+ Nxf8 25. Qh5 Qf7 26. Qg5 Bh3 27. Ne3 Qf6 28. Qxf6 Bxf6 29. Bf5 Bg5 30. Bxh3 Bxe3+ 31. Kg2 Ng6 32. Kf3 Bf4 33. Kg4 Kf7 34. Bg2 Bxg3 35. hxg3 Ne7 36. Be4 Kg7 37. Kg5 h6+ 38. Kg4 Kf6 39. Kh5 Nf5 40. g4 Ne3 41. Bf3 Kg7 42. Kh4 Kf6 43. Kh5 Kg7 44. Kh4 Kf6 1/2-1/2

[Event "Mar del Plata op"]
[Site "Mar del Plata"]
[Date "2004.04.04"]
[Round "2"]
[White "Bibiloni, Jorge Jaime"]
[Black "Rubinetti, Jorge Alberto"]
[Result "1-0"]
[WhiteElo "2186"]
[BlackElo "2438"]
[PlyCount "111"]
[EventDate "2004.04.02"]
[EventType "swiss"]
[EventRounds "9"]
[EventCountry "ARG"]
[SourceTitle "CBM 099 Extra"]
[Source "ChessBase"]
[SourceDate "2004.05.04"]
[SourceVersion "1"]
[SourceVersionDate "2004.05.04"]
[SourceQuality "1"]

1. e4 c5 2. Nf3 d6 3. d4 cxd4 4. Qxd4 a6 5. c4 Nc6 6. Qd2 g6 7. Nc3 Bh6 8. Qc2 Bxc1 9. Rxc1 Bg4 10. Qd2 Bxf3 11. gxf3 Nf6 12. Be2 Rc8 13. f4 Qa5 14. Rg1 h6 15. Kf1 Rd8 16. b3 Kf8 17. Rg3 b5 18. cxb5 axb5 19. Qb2 Rg8 20. Nd5 Nxd5 21. exd5 Nb8 22. b4 Qb6 23. Ra3 Qb7 24. Qd4 e5 25. Qd2 Kg7 26. Ra5 Rc8 27. Rd1 Qd7 28. fxe5 Qh3+ 29. Kg1 dxe5 30. Qe3 Qf5 31. Rxb5 Nd7 32. d6 Rgd8 33. Rbd5 Rc2 34. a4 Rdc8 35. a5 R8c3 36. R5d3 Rc4 37. Bf1 Rf4 38. Bh3 Qg5+ 39. Qg3 Rfxf2 40. Qxg5 hxg5 41. a6 g4 42. Bf1 e4 43. Re3 f5 44. a7 Ra2 45. a8Q Rxf1+ 46. Kxf1 Rxa8 47. h3 gxh3 48. Rxh3 Rb8 49. Rd4 Rb6 50. Ke2 Rb7 51. Ke3 g5 52. Rh1 Rb6 53. Rd5 Kg6 54. b5 Nf6 55. Rdd1 f4+ 56. Ke2 1-0

[Event "ARG-ch 77th"]
[Site "Tres de Febrero"]
[Date "2003.09.10"]
[Round "8"]
[White "Rubinetti, Jorge Alberto"]
[Black "Zukerfeld, Andres"]
[Result "1-0"]
[WhiteElo "2438"]
[BlackElo "2245"]
[PlyCount "79"]
[EventDate "2003.09.03"]
[EventType "swiss"]
[EventRounds "9"]
[EventCountry "ARG"]
[SourceTitle "CBM 096 Extra"]
[Source "ChessBase"]
[SourceDate "2003.10.22"]
[SourceVersion "2"]
[SourceVersionDate "2003.10.20"]
[SourceQuality "1"]

1. Nf3 Nf6 2. c4 g6 3. Nc3 d5 4. cxd5 Nxd5 5. Qa4+ Nc6 6. Ne5 Ndb4 7. a3 Bg7 8. axb4 Bxe5 9. b5 Nb8 10. e3 0-0 11. d4 Bg7 12. Be2 c6 13. 0-0 a6 14. bxc6 Nxc6 15. Rd1 Bd7 16. Qb3 b5 17. Ne4 Bf5 18. Ng3 Bd7 19. Bd2 Be6 20. Qa3 Qb6 21. Bf3 Rfd8 22. Be1 Bd5 23. Ne4 a5 24. Rac1 a4 25. Qc5 Rab8 26. Ng5 Bxf3 27. Nxf3 Qxc5 28. Rxc5 Rdc8 29. Rdc1 Na7 30. Rc7 Ra8 31. Rxa7 Rxc1 32. Rxa8+ Bf8 33. Kf1 Rb1 34. Ne5 Rxb2 35. Nd7 Kg7 36. Nxf8 a3 37. Nd7 a2 38. Nc5 b4 39. Nd3 Rb3 40. Nxb4 1-0

[Event "ARG-ch 77th"]
[Site "Tres de Febrero"]
[Date "2003.09.07"]
[Round "5"]
[White "Felgaer, Ruben Alejandro"]
[Black "Rubinetti, Jorge Alberto"]
[Result "1/2-1/2"]
[WhiteElo "2551"]
[BlackElo "2438"]
[PlyCount "102"]
[EventDate "2003.09.03"]
[EventType "swiss"]
[EventRounds "9"]
[EventCountry "ARG"]
[SourceTitle "CBM 096 Extra"]
[Source "ChessBase"]
[SourceDate "2003.10.22"]
[SourceVersion "2"]
[SourceVersionDate "2003.10.20"]
[SourceQuality "1"]

1. e4 e5 2. Nf3 Nc6 3. Bb5 Nf6 4. 0-0 d6 5. d4 Bd7 6. Nc3 Be7 7. Bxc6 Bxc6 8. Qd3 Nd7 9. Be3 exd4 10. Nxd4 0-0 11. Rad1 Bf6 12. Nd5 Bxd5 13. exd5 Re8 14. h3 a6 15. c4 Nc5 16. Qc2 Bg5 17. Bxg5 Qxg5 18. b4 Nd7 19. Rd3 Qf6 20. c5 Ne5 21. Re3 Ng6 22. Nf5 Re5 23. Rf3 Qd8 24. Rd1 Qd7 25. Ne3 Rae8 26. Rd4 Qd8 27. a4 Nh4 28. Rg3 Qf6 29. Rdg4 g6 30. Qc4 Nf5 31. Rf3 Nxe3 32. Rxf6 Nxc4 33. Rxc4 Rxd5 34. cxd6 Rxd6 35. Rxd6 cxd6 36. Rc7 Re1+ 37. Kh2 b5 38. Rc6 Re4 39. Rxa6 Rxb4 40. axb5 d5 41. Rb6 Kg7 42. Kg3 h5 43. Kf3 h4 44. Ke3 Rb2 45. Kf3 g5 46. g3 hxg3 47. Kxg3 f6 48. Rb8 Kg6 49. b6 Kf5 50. b7 d4 51. Rd8 Rxb7 1/2-1/2

[Event "ARG-ch 77th"]
[Site "Tres de Febrero"]
[Date "2003.09.05"]
[Round "3"]
[White "Mussanti, Diego"]
[Black "Rubinetti, Jorge Alberto"]
[Result "1/2-1/2"]
[WhiteElo "2311"]
[BlackElo "2438"]
[PlyCount "55"]
[EventDate "2003.09.03"]
[EventType "swiss"]
[EventRounds "9"]
[EventCountry "ARG"]
[SourceTitle "CBM 096 Extra"]
[Source "ChessBase"]
[SourceDate "2003.10.22"]
[SourceVersion "2"]
[SourceVersionDate "2003.10.20"]
[SourceQuality "1"]

1. e4 e5 2. Nf3 Nc6 3. d4 exd4 4. Nxd4 Bb4+ 5. c3 Bc5 6. Be3 Bb6 7. Nd2 Nf6 8. Bc4 0-0 9. 0-0 Nxd4 10. Bxd4 Bxd4 11. cxd4 d5 12. exd5 Nxd5 13. Qf3 Nb6 14. Qf4 Bd7 15. d5 a6 16. Rac1 Bb5 17. Bxb5 Nxd5 18. Qc4 axb5 19. Qxb5 Nf4 20. Nf3 c6 21. Qc4 Qf6 22. Rcd1 b5 23. Qb3 Rae8 24. Rfe1 h6 25. g3 Nh3+ 26. Kg2 Ng5 27. Nxg5 hxg5 28. h3 1/2-1/2

[Event "Mar del Plata op 34th"]
[Site "Mar del Plata"]
[Date "2003.04.13"]
[Round "3"]
[White "Palermo, Vicente"]
[Black "Rubinetti, Jorge Alberto"]
[Result "0-1"]
[WhiteElo "2266"]
[BlackElo "2434"]
[PlyCount "78"]
[EventDate "2003.04.12"]
[EventType "swiss"]
[EventRounds "9"]
[EventCountry "ARG"]
[SourceTitle "CBM 093 Extra"]
[Source "ChessBase"]
[SourceDate "2003.05.09"]
[SourceVersion "1"]
[SourceVersionDate "2003.05.09"]
[SourceQuality "1"]

1. e4 c6 2. d4 d5 3. exd5 cxd5 4. Bd3 Nc6 5. Nf3 Bg4 6. c3 Qc7 7. 0-0 e6 8. Nbd2 Bd6 9. h3 Bh5 10. Re1 Nf6 11. Nf1 0-0 12. Bg5 Nd7 13. g4 Bg6 14. Bh4 Rab8 15. Bg3 b5 16. a3 a5 17. Kg2 Rfc8 18. h4 b4 19. cxb4 axb4 20. a4 b3 21. Bxg6 hxg6 22. Re3 Bxg3 23. fxg3 Na5 24. Rc3 Qb7 25. Qd3 Rxc3 26. Qxc3 Qa6 27. Rc1 Qe2+ 28. Kh3 Nc4 29. N1d2 Nxd2 30. Nxd2 Nf6 31. Qc7 Qxg4+ 32. Kg2 Qe2+ 33. Kh3 Rf8 34. Nxb3 Qg4+ 35. Kg2 Qe2+ 36. Kh3 Ne4 37. Qc2 Qe3 38. Kg2 Qxg3+ 39. Kf1 Qxb3 0-1

[Event "Mar del Plata op"]
[Site "Mar del Plata"]
[Date "2002.03.24"]
[Round "3"]
[White "Cordero, Alfredo"]
[Black "Rubinetti, Jorge Alberto"]
[Result "1/2-1/2"]
[WhiteElo "2277"]
[BlackElo "2436"]
[PlyCount "29"]
[EventDate "2002.03.23"]
[EventType "swiss"]
[EventRounds "9"]
[EventCountry "ARG"]
[SourceTitle "CBM 087 Extra"]
[Source "ChessBase"]
[SourceDate "2002.05.03"]
[SourceVersion "2"]
[SourceVersionDate "2002.08.09"]
[SourceQuality "1"]

1. e4 c5 2. Nf3 d6 3. Bb5+ Bd7 4. Bxd7+ Nxd7 5. 0-0 Ngf6 6. Re1 e6 7. d3 Be7 8. Nbd2 0-0 9. Nf1 a6 10. h3 Rc8 11. Bd2 Qc7 12. Qe2 Rfe8 13. a4 b6 14. Ne3 Bf8 15. Nh2 1/2-1/2

[Event "Mar del Plata op"]
[Site "Mar del Plata"]
[Date "2002.03.??"]
[Round "9"]
[White "Rubinetti, Jorge Alberto"]
[Black "Altamirano, Benjamin"]
[Result "1-0"]
[WhiteElo "2436"]
[BlackElo "2265"]
[PlyCount "57"]
[EventDate "2002.03.23"]
[EventType "swiss"]
[EventRounds "9"]
[EventCountry "ARG"]
[SourceTitle "EXT 2003"]
[Source "ChessBase"]
[SourceDate "2002.11.25"]
[SourceVersion "1"]
[SourceVersionDate "2002.11.25"]
[SourceQuality "1"]

1. d4 Nf6 2. Nf3 g6 3. c4 Bg7 4. Nc3 0-0 5. e4 d6 6. Be2 c5 7. 0-0 cxd4 8. Nxd4 Nc6 9. Be3 Nxd4 10. Bxd4 Bd7 11. b4 a5 12. a3 Rc8 13. f3 Be6 14. Nd5 Bxd5 15. exd5 Re8 16. Rc1 axb4 17. axb4 e6 18. dxe6 Rxe6 19. f4 Re4 20. g3 Ne8 21. Bf2 Bb2 22. Rc2 Qf6 23. Qd3 d5 24. Qxd5 Re7 25. Rb1 Ba3 26. Qa5 Qa6 27. Qxa6 bxa6 28. Rb3 Bc1 29. Bg4 1-0

[Event "ARG-ch Superior"]
[Site "Buenos Aires"]
[Date "2002.??.??"]
[Round "3"]
[White "Quiroga, Facundo"]
[Black "Rubinetti, Jorge Alberto"]
[Result "0-1"]
[WhiteElo "2356"]
[BlackElo "2429"]
[PlyCount "128"]
[EventDate "2002.09.15"]
[EventType "swiss"]
[EventRounds "9"]
[EventCountry "ARG"]
[SourceTitle "CBM 090 Extra"]
[Source "ChessBase"]
[SourceDate "2002.11.07"]
[SourceVersion "1"]
[SourceVersionDate "2002.11.07"]
[SourceQuality "1"]

1. d4 d5 2. Nf3 Nf6 3. c4 e6 4. g3 Bb4+ 5. Bd2 Be7 6. Bg2 0-0 7. 0-0 c6 8. Qc2 Nbd7 9. Rd1 b6 10. Be1 Bb7 11. Nbd2 Qb8 12. Rac1 Rc8 13. e4 c5 14. exd5 exd5 15. Qd3 dxc4 16. Nxc4 Be4 17. Qe2 Re8 18. Ne3 Qb7 19. Ng5 Bxg2 20. Nxg2 cxd4 21. Qf3 Qa6 22. Qb3 Rf8 23. Rxd4 h6 24. Nf3 Nc5 25. Qc4 b5 26. Qe2 Ne6 27. Rd2 Rfe8 28. a3 Bc5 29. Qd3 Bb6 30. Qf5 Qb7 31. Rd3 a6 32. Ne3 Nc5 33. Nd5 Nxd3 34. Nxf6+ gxf6 35. Qxd3 Qe4 36. Qxe4 Rxe4 37. Kf1 f5 38. Bd2 Kh7 39. Nh4 Rd8 40. Rc2 Rd5 41. Bf4 Bd8 42. Nf3 Bf6 43. Nd2 Re6 44. h4 a5 45. Kg2 a4 46. Nf1 Rd3 47. Bc1 Bd4 48. Ne3 Re5 49. Kf3 Rc5 50. Rxc5 Bxc5 51. Ke2 Bxe3 52. Kxd3 Bxf2 53. Bf4 Kg6 54. Kc3 Bc5 55. b4 Bf2 56. Kd3 Kh5 57. Ke2 Bd4 58. Bc1 Kg4 59. Bxh6 Kxg3 60. Bg5 Kg4 61. Kd3 Bb2 62. Kc2 Be5 63. Kd3 f6 64. Bc1 Kxh4 0-1

[Event "ARG-ch sf"]
[Site "Buenos Aires"]
[Date "2001.09.10"]
[Round "1"]
[White "Lida Garcia, Fernando"]
[Black "Rubinetti, Jorge Alberto"]
[Result "0-1"]
[WhiteElo "2140"]
[BlackElo "2435"]
[PlyCount "86"]
[EventDate "2001.09.10"]
[EventType "swiss"]
[EventRounds "8"]
[EventCountry "ARG"]
[SourceTitle "EXT 2002"]
[Source "ChessBase"]
[SourceDate "2001.11.25"]
[SourceVersion "1"]
[SourceVersionDate "2001.11.25"]
[SourceQuality "1"]

1. d4 Nf6 2. Nf3 e6 3. c4 b6 4. g3 Ba6 5. Qc2 c5 6. d5 exd5 7. cxd5 Bb7 8. Nc3 Nxd5 9. Nxd5 Bxd5 10. Bg2 Be7 11. 0-0 Nc6 12. e4 Be6 13. e5 0-0 14. Re1 Rc8 15. Qa4 c4 16. Bd2 Rb8 17. Qc2 b5 18. b3 h6 19. bxc4 bxc4 20. Bc3 Bb4 21. Rec1 Qa5 22. Bf1 Rfc8 23. Rab1 Bxc3 24. Rxb8 Rxb8 25. Qxc3 Qxa2 26. Bxc4 Bxc4 27. Qxc4 Qxc4 28. Rxc4 Rb3 29. Nd4 Rb4 30. Rxb4 Nxb4 31. Nb3 Kf8 32. f4 Ke7 33. Kg2 d6 34. Kf3 dxe5 35. fxe5 Kd7 36. Na5 Nc6 37. Nc4 Ke6 38. Ke4 a6 39. h3 g6 40. g4 g5 41. Ne3 Nxe5 42. Nf5 Ng6 43. Nxh6 Ne7 0-1

[Event "ARG-ch sf"]
[Site "Buenos Aires"]
[Date "2001.??.??"]
[Round "7"]
[White "Filgueira, Hernan"]
[Black "Rubinetti, Jorge Alberto"]
[Result "0-1"]
[WhiteElo "2385"]
[BlackElo "2435"]
[PlyCount "96"]
[EventDate "2001.09.10"]
[EventType "swiss"]
[EventRounds "8"]
[EventCountry "ARG"]
[SourceTitle "EXT 2002"]
[Source "ChessBase"]
[SourceDate "2001.11.25"]
[SourceVersion "1"]
[SourceVersionDate "2001.11.25"]
[SourceQuality "1"]

1. d4 e6 2. Nf3 Nf6 3. c4 Bb4+ 4. Bd2 Qe7 5. Nc3 b6 6. g3 Bb7 7. Bg2 0-0 8. 0-0 d6 9. Qc2 Nbd7 10. a3 Bxc3 11. Bxc3 c5 12. dxc5 bxc5 13. Rad1 Ne4 14. Ba5 f5 15. Ne1 Ne5 16. f3 Nf6 17. Bc3 a5 18. b3 Rfb8 19. Nd3 Nc6 20. Nb2 Rd8 21. Na4 Rab8 22. e3 Bc8 23. Rfe1 e5 24. f4 e4 25. Ba1 Be6 26. Rd2 Ne8 27. g4 Qh4 28. Red1 Qxg4 29. Kh1 Bf7 30. Rg1 Qh4 31. Bf1 Bh5 32. Be2 Rb7 33. Nc3 Rf7 34. Nb5 Bxe2 35. Rxe2 Ne7 36. Bc3 Ra8 37. Reg2 Qh5 38. Rg3 d5 39. Qg2 Ra6 40. Qd2 Rh6 41. cxd5 Nxd5 42. Bxa5 Rd7 43. Qg2 Ndf6 44. h3 Ng4 45. b4 Rd3 46. bxc5 Rxe3 47. Rxe3 Nxe3 48. Qa2+ Kh8 0-1

[Event "ARG-ch sf"]
[Site "Buenos Aires"]
[Date "2001.??.??"]
[Round "8"]
[White "Rubinetti, Jorge Alberto"]
[Black "Flores, Diego"]
[Result "1/2-1/2"]
[WhiteElo "2435"]
[BlackElo "2425"]
[PlyCount "125"]
[EventDate "2001.09.10"]
[EventType "swiss"]
[EventRounds "8"]
[EventCountry "ARG"]
[SourceTitle "EXT 2002"]
[Source "ChessBase"]
[SourceDate "2001.11.25"]
[SourceVersion "1"]
[SourceVersionDate "2001.11.25"]
[SourceQuality "1"]

1. Nf3 Nf6 2. b3 g6 3. Bb2 Bg7 4. c4 0-0 5. e3 c5 6. Be2 b6 7. 0-0 Bb7 8. d4 cxd4 9. Nxd4 Nc6 10. Bf3 Qc8 11. Nc3 Nxd4 12. Bxb7 Qxb7 13. Qxd4 Ne4 14. Qxe4 Qxe4 15. Nxe4 Bxb2 16. Rad1 d6 17. Rd2 Bg7 18. Rc1 Rfc8 19. Rdc2 Rc6 20. Kf1 Rac8 21. Ke2 d5 22. Nd2 dxc4 23. Rxc4 Rxc4 24. Rxc4 Rxc4 25. Nxc4 Kf8 26. Na3 Be5 27. f4 Bb8 28. Kd3 Ke8 29. Kc4 a6 30. Nc2 Kd7 31. a4 Bd6 32. g3 e6 33. b4 Be7 34. e4 f5 35. exf5 exf5 36. Kd5 Bf6 37. b5 axb5 38. axb5 Bc3 39. Ne3 Be1 40. Nc4 Bf2 41. Ne5+ Ke7 42. Kc6 Bg1 43. Nf3 Bf2 44. Kd5 Kf6 45. Kd6 h6 46. Ne5 Bg1 47. Nd7+ Kg7 48. h3 Bf2 49. g4 fxg4 50. hxg4 Kf7 51. Ne5+ Kf6 52. Nd7+ Kf7 53. Ne5+ Kf6 54. g5+ hxg5 55. Ng4+ Kf5 56. Nxf2 gxf4 57. Kc6 g5 58. Kxb6 g4 59. Kc6 g3 60. Nh3 f3 61. b6 f2 62. Nxf2 gxf2 63. b7 1/2-1/2

[Event "Najdorf Memorial Great fin"]
[Site "Buenos Aires"]
[Date "2000.09.10"]
[Round "1.2"]
[White "Toth, Christian Endre"]
[Black "Rubinetti, Jorge Alberto"]
[Result "1-0"]
[WhiteElo "2377"]
[BlackElo "2440"]
[PlyCount "83"]
[EventDate "2000.09.09"]
[EventType "k.o."]
[EventRounds "4"]
[EventCountry "ARG"]
[SourceTitle "CBM 079"]
[Source "ChessBase"]
[SourceDate "2000.11.21"]
[SourceVersion "1"]
[SourceVersionDate "2000.11.21"]
[SourceQuality "1"]

1. d4 Nf6 2. c4 c5 3. d5 g6 4. Nc3 d6 5. e4 Bg7 6. Nf3 0-0 7. Be2 e6 8. 0-0 Re8 9. h3 Na6 10. Bf4 e5 11. Bg5 h6 12. Bh4 g5 13. Bg3 Nh5 14. Ne1 Nf4 15. Bg4 Qf6 16. Nc2 Nb4 17. Ne3 Nbd3 18. b3 a6 19. a3 Rb8 20. Ra2 b5 21. Rd2 bxc4 22. bxc4 Nb2 23. Qa1 Nbd3 24. Qd1 Nxg2 25. Kxg2 Nf4+ 26. Kh2 h5 27. Bxc8 Rexc8 28. Nf5 Rb7 29. f3 Rcb8 30. Qa1 Bh6 31. Bxf4 exf4 32. Nb5 Qxa1 33. Nxh6+ Kf8 34. Rxa1 axb5 35. Nf5 bxc4 36. Nxd6 c3 37. Nxb7 cxd2 38. Nxc5 Kg7 39. Rd1 Rb2 40. Nd3 Ra2 41. Kg2 f6 42. Kf2 1-0

[Event "Mar del Plata op 31st"]
[Site "Mar del Plata"]
[Date "2000.04.17"]
[Round "3"]
[White "Quiroga, Facundo"]
[Black "Rubinetti, Jorge Alberto"]
[Result "1/2-1/2"]
[WhiteElo "2363"]
[BlackElo "2441"]
[PlyCount "55"]
[EventDate "2000.04.15"]
[EventType "swiss"]
[EventRounds "9"]
[EventCountry "ARG"]
[SourceTitle "CBM 075 Extra"]
[Source "ChessBase"]
[SourceDate "2000.05.11"]
[SourceVersion "2"]
[SourceVersionDate "2000.05.11"]
[SourceQuality "1"]

1. d4 d5 2. c4 c6 3. Nc3 Nf6 4. Nf3 dxc4 5. a4 Bg4 6. Ne5 Bh5 7. f3 Nfd7 8. Nxc4 e5 9. Ne4 Bb4+ 10. Bd2 Qe7 11. Bxb4 Qxb4+ 12. Qd2 Qxd2+ 13. Kxd2 exd4 14. Ned6+ Ke7 15. Nxb7 Na6 16. Nba5 Nb4 17. g3 f6 18. Bh3 Bf7 19. Rhc1 Be6 20. Bxe6 Kxe6 21. Ra3 Nc5 22. Nb3 Nxb3+ 23. Rxb3 Rab8 24. Na5 Kd6 25. e3 dxe3+ 26. Rxe3 Rhd8 27. Ke2 Re8 28. b3 1/2-1/2